| 000 | 00684nam a22002057a 4500 | ||
|---|---|---|---|
| 003 | OSt | ||
| 005 | 20240723115504.0 | ||
| 008 | 240723b |||||||| |||| 00| 0 eng d | ||
| 020 | _a1551930153 | ||
| 040 | _cMUST | ||
| 082 | _a302.35 MIL 1999 | ||
| 100 |
_aMills, Albert J. _918955 |
||
| 245 |
_aReading organization theory : _ba critical approach to the study of organizational behaviour and structure / _cAlbert J. Mills, Tony Simmons |
||
| 260 |
_aToronto _bGaramond Press _c1999 |
||
| 300 |
_axi, 291p. : _c26 cm. |
||
| 504 | _aIncludes bibliographical references and index | ||
| 650 |
_aOrganizational sociology _918502 |
||
| 700 |
_aSimmons, Tony _918956 |
||
| 942 |
_2ddc _cO_SHELF |
||
| 999 |
_c9272 _d9272 |
||